Statistics for Most Populated Countries Containing Y or Z

Click here to take the quiz!

General Stats

  • This quiz has been taken 237 times
  • The average score is 13 of 20

Answer Stats

PopulationCountry% Correct
15 milZambia
95%
13 milZimbabwe
95%
81 milGermany
84%
205 milBrazil
83%
25 milYemen
83%
60 milItaly
79%
90 milEgypt
69%
25 milMozambique
69%
17 milKazakhstan
66%
77 milTurkey
65%
30 milMalaysia
61%
53 milTanzania
61%
31 milUzbekistan
60%
30 milVenezuela
60%
46 milKenya
58%
9 milHungary
51%
23 milSyria
51%
8 milSwitzerland
50%
9 milAzerbaijan
49%
10 milCzech Republic
40%

Score Distribution

Percentile by Number Answered

Percent of People with Each Score

Your Score History

You have not taken this quiz